[Event "Ostravský koník 2014 - MÈR"]
[Site "Ostrava, CZE"]
[Date "2014.05.04"]
[Round "9"]
[White "Ockay, Tomas"]
[Black "Vrána, Frantisek"]
[Result "0-1"]
[WhiteElo "2154"]
[BlackElo "2245"]
[PlyCount "72"]

1. Nf3 g6 2. d4 Bg7 3. g3 Nf6 4. Bg2 O-O 5. c4 d6 6. Nc3 Nc6 7. O-O a6 8. h3
Rb8 9. Bg5 b5 10. cxb5 axb5 11. d5 Na5 12. Bxf6 Bxf6 13. Nd4 Bd7 14. Qd3 b4 15.
Ne4 Bg7 16. Nd2 e6 17. e4 Qf6 18. N2f3 c5 19. dxc6 Nxc6 20. Rfd1 Rfc8 21. Rac1
Ne5 22. Rxc8+ Rxc8 23. Nxe5 Qxe5 24. Bf3 Ba4 25. b3 Rc3 26. Qa6 Be8 27. Qa8 Kf8
28. Kg2 Qc5 29. Ne2 Rc2 30. h4 h5 31. Kf1 Be5 32. Kg2 Ke7 33. Qb7+ Kf6 34. Re1
Bb5 35. Qa8 Bc3 36. Nxc3 Qxf2+ 0-1

[Event "Ostravský koník 2014 - MÈR"]
[Site "Ostrava, CZE"]
[Date "2014.05.04"]
[Round "9"]
[White "Chlevistan, Jakub"]
[Black "Folk, Petr"]
[Result "1/2-1/2"]
[WhiteElo "2142"]
[BlackElo "2229"]
[PlyCount "63"]

1. Nf3 Nf6 2. c4 g6 3. d4 Bg7 4. Nc3 O-O 5. g3 d6 6. Bg2 c6 7. O-O Qa5 8. e4
Qh5 9. e5 dxe5 10. Nxe5 Qxd1 11. Rxd1 Nbd7 12. f4 Nxe5 13. dxe5 Ne8 14. Be3 Nc7
15. Rd2 Be6 16. b3 f6 17. exf6 Bxf6 18. Rc1 Na6 19. Ne4 Bg7 20. Nc5 Nxc5 21.
Bxc5 Rfd8 22. Rcd1 Rxd2 23. Rxd2 Kf7 24. Kf2 a6 25. Bd4 Bf6 26. Be4 Rc8 27. Ke3
Bg4 28. Bf3 Bxf3 29. Kxf3 Rd8 30. Ke3 e5 31. Bc3 e4 32. Kxe4 1/2-1/2

[Event "Ostravský koník 2014 - MÈR"]
[Site "Ostrava, CZE"]
[Date "2014.05.04"]
[Round "9"]
[White "Vybíral, Zdenek"]
[Black "Krajina, Ales"]
[Result "1/2-1/2"]
[WhiteElo "2167"]
[BlackElo "2228"]
[PlyCount "68"]

1. d4 d5 2. c4 Nc6 3. Nf3 e5 4. dxe5 Bb4+ 5. Bd2 dxc4 6. e3 Be6 7. Qa4 Bxd2+ 8.
Nbxd2 a6 9. Nd4 b5 10. Nxc6 Qd7 11. Qa5 Qxc6 12. a4 Rb8 13. axb5 axb5 14. Be2
Ne7 15. O-O O-O 16. Nf3 Qc5 17. Qa7 Rb6 18. Rfc1 Rc8 19. Qa3 Qxa3 20. Rxa3 Ng6
21. Ra5 h6 22. Nd4 Nxe5 23. Rxb5 Rxb5 24. Nxb5 Rb8 25. Nxc7 Rxb2 26. Nxe6 Rxe2
27. Nd4 Rxf2 28. Kxf2 Nd3+ 29. Ke2 Nxc1+ 30. Kd2 Nd3 31. Nf3 Nb2 32. Kc2 Na4
33. Nd2 c3 34. Ne4 f5 1/2-1/2

[Event "Ostravský koník 2014 - MÈR"]
[Site "Ostrava, CZE"]
[Date "2014.05.04"]
[Round "9"]
[White "Pacl, Václav"]
[Black "Soural, Jan"]
[Result "1/2-1/2"]
[WhiteElo "2150"]
[BlackElo "2194"]
[PlyCount "111"]

1. Nf3 Nf6 2. c4 g6 3. b4 Bg7 4. Bb2 O-O 5. g3 d5 6. cxd5 Nxd5 7. Bxg7 Kxg7 8.
Qb3 a5 9. b5 a4 10. Qb2+ Kg8 11. Bg2 c6 12. Na3 Qd6 13. Rb1 Rd8 14. O-O Qf6 15.
Rfc1 Kg7 16. Qc2 Bd7 17. bxc6 Bxc6 18. d4 Na6 19. Nc4 Rac8 20. Nce5 Nf4 21.
Nxc6 Rxc6 22. Qb2 Rxc1+ 23. Rxc1 Nxg2 24. Kxg2 Rb8 25. Qb5 Qe6 26. Qxa4 Qd5 27.
a3 e6 28. Qc2 Qd6 29. Qd3 b5 30. Ne5 Nc7 31. Rc6 Qd8 32. e4 b4 33. axb4 Rxb4
34. Qc3 Rb7 35. Nf3 Nb5 36. Qc5 Qb8 37. d5 exd5 38. exd5 Na7 39. Qd4+ Kg8 40.
Rc4 Qd8 41. h4 Nb5 42. Qe5 Rd7 43. Rc5 Nc7 44. Ng5 f6 45. Ne6 fxe5 46. Nxd8
Nxd5 47. Nc6 Rc7 48. Rxd5 Rxc6 49. Rxe5 Kf7 50. Ra5 h5 51. Kf3 Kf6 52. Kg2 Rb6
53. f4 Rb2+ 54. Kh3 Rc2 55. Rg5 Rf2 56. Ra5 1/2-1/2

[Event "Ostravský koník 2014 - MÈR"]
[Site "Ostrava, CZE"]
[Date "2014.05.04"]
[Round "9"]
[White "Bures, Martin"]
[Black "Didi, Jan"]
[Result "1/2-1/2"]
[WhiteElo "2156"]
[BlackElo "2069"]
[PlyCount "26"]

1. e4 c5 2. g3 Nc6 3. Bg2 g6 4. c3 Bg7 5. Ne2 e5 6. Na3 Nge7 7. Nc2 O-O 8. d4
cxd4 9. cxd4 Nxd4 10. Nexd4 exd4 11. Nxd4 d5 12. exd5 Nxd5 13. O-O Re8 1/2-1/2

[Event "Ostravský koník 2014 - MÈR"]
[Site "Ostrava, CZE"]
[Date "2014.05.04"]
[Round "9"]
[White "Hladík, Lumír"]
[Black "Kozusek, Daniel"]
[Result "0-1"]
[WhiteElo "2034"]
[BlackElo "2098"]
[PlyCount "50"]

1. e4 c5 2. Nf3 d6 3. d4 cxd4 4. Nxd4 Nf6 5. Nc3 a6 6. Bg5 Nbd7 7. f4 Qc7 8.
Qf3 h6 9. Bh4 g5 10. Bf2 gxf4 11. O-O-O h5 12. Bh4 Bh6 13. Bxf6 Nxf6 14. Nd5
Nxd5 15. exd5 Bg4 16. Qa3 Bxd1 17. Qa4+ Kf8 18. Kxd1 Qc5 19. Be2 Bg7 20. c3
Bxd4 21. cxd4 Qxd5 22. Bf3 Qb5 23. Qc2 Kg7 24. d5 Rac8 25. Qe4 Qxb2 0-1

[Event "Ostravský koník 2014 - FIDE Open B"]
[Site "Ostrava, CZE"]
[Date "2014.04.26"]
[Round "1"]
[White "Šnyta, Zdenìk"]
[Black "Volèík, Milan"]
[Result "1-0"]
[WhiteElo "2091"]
[BlackElo "1670"]
[PlyCount "49"]

1. e4 e6 2. d3 d5 3. Nd2 c5 4. f4 Bd6 5. g3 Ne7 6. Ngf3 h6 7. Bg2 Nbc6 8. O-O
O-O 9. Re1 Bd7 10. Nf1 Rc8 11. c3 a6 12. g4 dxe4 13. dxe4 Bb8 14. g5 h5 15. Be3
b6 16. Qe2 Ng6 17. e5 b5 18. Rad1 Nce7 19. N3d2 h4 20. Qg4 Nd5 21. Nf3 Qe7 22.
Nxh4 Bc6 23. Bc1 Qb7 24. Nxg6 fxg6 25. Qxe6+ 1-0

[Event "Ostravský koník 2014 - FIDE Open B"]
[Site "Ostrava, CZE"]
[Date "2014.04.26"]
[Round "1"]
[White "Alexandr, Petr"]
[Black "Øezníèek, Marcel"]
[Result "0-1"]
[WhiteElo "1666"]
[BlackElo "2074"]
[PlyCount "106"]

1. b4 e6 2. Bb2 d5 3. e3 f6 4. b5 c5 5. c4 Nh6 6. Nf3 Nf7 7. Be2 Nd7 8. O-O Nb6
9. Qc2 Bd6 10. d4 dxc4 11. dxc5 Bxc5 12. Bxc4 Nxc4 13. Qxc4 Be7 14. a4 O-O 15.
Nbd2 Bd7 16. Qb3 Rc8 17. Rfc1 Bc5 18. Ne4 Be7 19. Rxc8 Bxc8 20. Rd1 Qa5 21. Ba3
Bxa3 22. Qxa3 Rd8 23. Rxd8+ Qxd8 24. Qb3 f5 25. Nc5 b6 26. Nd3 Qd6 27. h3 Bb7
28. Nd4 Bd5 29. Qc3 g6 30. Nf4 e5 31. Nxd5 Qxd5 32. Qb3 Qxb3 33. Nxb3 Nd6 34.
Kf1 Nc4 35. Ke2 Kf7 36. f4 Ke6 37. g4 fxg4 38. hxg4 exf4 39. exf4 Kd5 40. Kf3
Nb2 41. a5 Nc4 42. axb6 axb6 43. f5 g5 44. Nc1 Ne5+ 45. Kg3 Kc4 46. Ne2 Kxb5
47. Nc3+ Kc4 48. Ne4 h6 49. Nd6+ Kd4 50. Nb5+ Kc5 51. Nc3 b5 52. f6 b4 53. Nd1
Kd6 0-1

[Event "Ostravský koník 2014 - FIDE Open B"]
[Site "Ostrava, CZE"]
[Date "2014.04.26"]
[Round "1"]
[White "Kubeczka, Aleš"]
[Black "Havelka, Ondøej"]
[Result "1-0"]
[WhiteElo "2069"]
[BlackElo "1661"]
[PlyCount "99"]

1. d4 d5 2. c4 e6 3. Nf3 Nf6 4. g3 Be7 5. Bg2 O-O 6. O-O b6 7. Ne5 Bb7 8. Nc3
Nbd7 9. cxd5 Nxd5 10. Nxd5 Bxd5 11. Nc6 Qe8 12. Nxe7+ Qxe7 13. e4 Bb7 14. Bf4
c5 15. Rc1 e5 16. dxe5 Nxe5 17. Qe2 Rfd8 18. Rfd1 g5 19. Be3 g4 20. Bf4 Nf3+
21. Bxf3 gxf3 22. Qxf3 Qxe4 23. Qg4+ Qg6 24. Qh4 f6 25. Re1 Re8 26. Bd2 Re4 27.
Rxe4 Qxe4 28. Qxe4 Bxe4 29. Bc3 f5 30. Rd1 Re8 31. Rd7 Bc6 32. Rg7+ Kf8 33.
Rxh7 Re7 34. Rh6 Bd5 35. a3 Bf3 36. Rf6+ Rf7 37. Rd6 Ke8 38. Rd3 Be4 39. Re3
Re7 40. h4 Kf7 41. Kh2 Rd7 42. g4 Rd3 43. Kg3 Rxe3+ 44. fxe3 fxg4 45. Kxg4 Ke6
46. Kf4 Bd3 47. e4 b5 48. h5 c4 49. h6 Kf7 50. h7 1-0

[Event "Ostravský koník 2014 - FIDE Open B"]
[Site "Ostrava, CZE"]
[Date "2014.04.26"]
[Round "1"]
[White "Sikora, Matouš"]
[Black "Dobeš, Ludìk"]
[Result "1/2-1/2"]
[WhiteElo "1661"]
[BlackElo "2066"]
[PlyCount "134"]

1. e4 c5 2. Nf3 d6 3. d4 cxd4 4. Nxd4 Nf6 5. Nc3 a6 6. Be2 e5 7. Nb3 Be7 8. O-O
O-O 9. Be3 Nc6 10. Qd2 Be6 11. Rfd1 Rc8 12. f3 Nb8 13. Bf1 Nbd7 14. Qf2 Qc7 15.
Rac1 Nc5 16. Nxc5 dxc5 17. Nd5 Nxd5 18. exd5 Bd7 19. c4 Bd6 20. g3 Rce8 21. b4
b6 22. Rb1 f5 23. bxc5 bxc5 24. f4 e4 25. Rb2 Rb8 26. Rdb1 Rxb2 27. Rxb2 Rc8
28. Qd2 Be7 29. Rb3 Bf6 30. Be2 Kf7 31. d6 Qc6 32. Qd5+ Qxd5 33. cxd5 c4 34.
Rb7 Ke8 35. Bb6 c3 36. Be3 c2 37. Bc1 Bd4+ 38. Kg2 a5 39. Rc7 Bc5 40. Ba6 Ra8
41. Rxc5 Rxa6 42. Rxc2 Rxd6 43. Rc5 a4 44. Bb2 g6 45. Bd4 Be6 46. Be5 Rxd5 47.
Rxd5 Bxd5 48. a3 e3+ 49. Kf1 Bc4+ 50. Ke1 Kf7 51. Bd4 e2 52. Bc3 h6 53. Kd2 g5
54. Ke3 Kg6 55. Kd4 Bb5 56. Kc5 Bd3 57. Kd4 Ba6 58. Ke5 Bc8 59. Be1 Kh5 60. h3
Kg6 61. Bd2 Bb7 62. Be1 Bg2 63. h4 gxh4 64. gxh4 Bb7 65. Kd4 h5 66. Ke3 Ba6 67.
Kf3 Bb5 1/2-1/2

[Event "Ostravský koník 2014 - FIDE Open B"]
[Site "Ostrava, CZE"]
[Date "2014.04.26"]
[Round "1"]
[White "Kocur, Valter"]
[Black "Veselský, Jan"]
[Result "1/2-1/2"]
[WhiteElo "2061"]
[BlackElo "1655"]
[PlyCount "95"]

1. c4 Nf6 2. Nc3 g6 3. d4 d5 4. Bf4 Bg7 5. e3 O-O 6. Nf3 c5 7. dxc5 Ne4 8. Nxe4
dxe4 9. Qxd8 Rxd8 10. Ng5 Bxb2 11. Rd1 Bc3+ 12. Ke2 Rxd1 13. Kxd1 Bf5 14. Bxb8
Rxb8 15. Kc2 Bb4 16. Be2 h6 17. Nh3 Rd8 18. Rd1 Rxd1 19. Bxd1 Bxh3 20. gxh3
Bxc5 21. Kd2 Bd6 22. f4 exf3 23. Bxf3 b6 24. Bc6 Kg7 25. Kd3 Kf6 26. Ke4 e6 27.
Kf3 Bxh2 28. Bb5 Bd6 29. Bc6 g5 30. Bb5 Ke5 31. Be8 f5 32. Bg6 Kf6 33. Be8 Bc5
34. e4 Ke5 35. exf5 exf5 36. Bg6 Kf6 37. Be8 Ke5 38. Bg6 Kd4 39. Bxf5 Kxc4 40.
Kg4 a5 41. Kh5 Bf8 42. h4 b5 43. hxg5 hxg5 44. Kxg5 Kc3 45. Kf4 Kb2 46. Be6 b4
47. Ke3 a4 48. Kd3 1/2-1/2

[Event "Ostravský koník 2014 - FIDE Open B"]
[Site "Ostrava, CZE"]
[Date "2014.04.26"]
[Round "1"]
[White "Sándor, Štefan"]
[Black "Dvoøák, Vladimír"]
[Result "0-1"]
[WhiteElo "1653"]
[BlackElo "2046"]
[PlyCount "70"]

1. e4 e6 2. Nf3 d5 3. exd5 exd5 4. d4 Bd6 5. Nc3 Ne7 6. Be2 Nbc6 7. O-O Bg4 8.
h3 Bf5 9. Nb5 a6 10. Nxd6+ Qxd6 11. c3 f6 12. Bd3 Bxd3 13. Qxd3 g5 14. g3 Qd7
15. Kg2 Ng6 16. Re1+ Nce7 17. Qe2 Kf7 18. Nh2 h5 19. Rf1 Rae8 20. Qd3 Nf5 21.
Bd2 g4 22. h4 Re4 23. Rae1 Rhe8 24. Rxe4 dxe4 25. Qc2 Kg7 26. Re1 Qc6 27. Kg1
Nxd4 28. Bh6+ Kh7 29. Qc1 Nf5 30. Be3 Rd8 31. Nf1 Rd3 32. Rd1 Ne5 33. Rxd3 Nf3+
34. Kh1 exd3 35. Bf4 N3xh4+ 0-1

[Event "Ostravský koník 2014 - FIDE Open B"]
[Site "Ostrava, CZE"]
[Date "2014.04.26"]
[Round "1"]
[White "Omamik, Pavel"]
[Black "Bohanesová, Vendula"]
[Result "1-0"]
[WhiteElo "2044"]
[BlackElo "1652"]
[PlyCount "71"]

1. f4 e6 2. Nf3 d5 3. e3 Nf6 4. b3 c5 5. Bb2 Be7 6. Nc3 b6 7. Bb5+ Nbd7 8. Ne5
a6 9. Nc6 Qc7 10. Nxe7 Kxe7 11. Be2 d4 12. Nb1 Bb7 13. O-O Qd6 14. Bf3 Bxf3 15.
Qxf3 Rhd8 16. e4 Qc6 17. d3 b5 18. Nd2 Nb6 19. Rae1 a5 20. e5 Qxf3 21. exf6+
gxf6 22. Rxf3 Nd5 23. f5 a4 24. bxa4 Rxa4 25. a3 Ne3 26. fxe6 Nxc2 27. Rc1 Nxa3
28. Rxc5 fxe6 29. Rh3 e5 30. Rxh7+ Ke6 31. Rh6 Rd6 32. Ne4 Rda6 33. Rxf6+ Kd7
34. Rd5+ Kc7 35. Rf7+ Kc6 36. Rd6# 1-0

[Event "Ostravský koník 2014 - FIDE Open B"]
[Site "Ostrava, CZE"]
[Date "2014.04.26"]
[Round "1"]
[White "Pøívozník, Luboš"]
[Black "Hastík, Svatopluk"]
[Result "0-1"]
[WhiteElo "1647"]
[BlackElo "2037"]
[PlyCount "42"]

1. e4 g6 2. d4 Bg7 3. Nf3 d6 4. Be3 Nf6 5. Nc3 O-O 6. Qd2 c6 7. Bh6 Qa5 8. Bxg7
Kxg7 9. h4 h5 10. Qg5 e5 11. Bd3 Ng4 12. Qe7 exd4 13. Nxd4 Qc5 14. Nce2 Qe5 15.
Qg5 Nd7 16. Nf5+ Kh7 17. Nf4 gxf5 18. Qxh5+ Nh6 19. Nh3 Nf6 20. Ng5+ Kg7 21.
Qf3 fxe4 0-1

[Event "Ostravský koník 2014 - FIDE Open B"]
[Site "Ostrava, CZE"]
[Date "2014.04.26"]
[Round "1"]
[White "Beneš, Miroslav"]
[Black "Beluská, Tereza"]
[Result "1-0"]
[WhiteElo "2020"]
[BlackElo "1645"]
[PlyCount "67"]

1. d4 e6 2. c4 Nf6 3. Nc3 Bb4 4. f3 c5 5. d5 Bxc3+ 6. bxc3 d6 7. e4 b6 8. Bd3
e5 9. Ne2 O-O 10. O-O Ne8 11. Ng3 Nd7 12. Be3 f6 13. Rb1 Rf7 14. Qe1 Nf8 15.
Rb2 Ng6 16. Nh5 Nc7 17. Qg3 f5 18. Bg5 Qe8 19. f4 exf4 20. Nxf4 Ne5 21. Re2
Nxd3 22. Nxd3 fxe4 23. Rxf7 Qxf7 24. Rxe4 Ne8 25. Re7 Qh5 26. Nf4 Qd1+ 27. Re1
Qa4 28. Bh6 Kf7 29. Bg5 Kg8 30. h3 Bf5 31. Ne6 Bg6 32. Qf4 Bf7 33. Nd8 Qd7 34.
Re7 1-0

[Event "Ostravský koník 2014 - FIDE Open B"]
[Site "Ostrava, CZE"]
[Date "2014.04.26"]
[Round "1"]
[White "Kubelová, Soòa"]
[Black "Stehlík, Jiøí"]
[Result "0-1"]
[WhiteElo "1639"]
[BlackElo "2017"]
[PlyCount "60"]

1. Nf3 Nf6 2. g3 d5 3. d4 c6 4. Bg2 Qb6 5. O-O g6 6. Nc3 Bg7 7. b3 O-O 8. Bb2
Bf5 9. a4 a5 10. Rb1 Na6 11. Nh4 Be6 12. e3 Rad8 13. Ne2 Qc7 14. Nf4 Bg4 15.
Nf3 Ne8 16. h3 Bc8 17. Ng5 h6 18. Nf3 Nf6 19. Ne5 Nd7 20. Nexg6 fxg6 21. Nxg6
Rf7 22. e4 Nf8 23. Nf4 dxe4 24. Bxe4 e5 25. Nh5 exd4 26. Nxg7 Rxg7 27. Qh5 Qe7
28. Qxa5 Qxe4 29. Qxd8 Bxh3 30. f3 Qxc2 0-1

[Event "Ostravský koník 2014 - FIDE Open B"]
[Site "Ostrava, CZE"]
[Date "2014.04.26"]
[Round "1"]
[White "Trombík, Karel"]
[Black "Brzezny, Petr"]
[Result "1-0"]
[WhiteElo "2016"]
[BlackElo "1618"]
[PlyCount "191"]

1. d4 d5 2. Nf3 Nf6 3. Bg5 Ne4 4. Bf4 Bf5 5. e3 e6 6. Bd3 Bb4+ 7. c3 Bd6 8.
Bxd6 Nxd6 9. Bxf5 Nxf5 10. Nbd2 Nd7 11. O-O O-O 12. Qe2 c5 13. Rad1 cxd4 14.
exd4 Rc8 15. Rfe1 Nh4 16. Nxh4 Qxh4 17. g3 Qf6 18. Qd3 a6 19. b3 Rc7 20. c4
dxc4 21. Nxc4 Rd8 22. Qe2 b5 23. Ne5 Nb6 24. Rd3 g6 25. Rf3 Qg7 26. a4 Rxd4 27.
axb5 a5 28. Nc6 Rd5 29. Nxa5 Rcc5 30. Nc6 Qf8 31. Ra1 Rf5 32. Rxf5 Rxf5 33. Qe3
Qc5 34. Qxc5 Rxc5 35. Ra5 Kg7 36. Ra7 Nc8 37. Rc7 Nd6 38. b6 Nb5 39. b7 Nxc7
40. b8=Q Rxc6 41. b4 Nd5 42. b5 Rb6 43. Qe8 g5 44. Qd7 Kg6 45. Qd8 Rxb5 46.
Qg8+ Kf6 47. Qxh7 Rb4 48. Qh6+ Kf5 49. h3 f6 50. Kg2 Ke5 51. Qg6 Ne7 52. Qg7
Nd5 53. Qf8 Kf5 54. Qd6 Rb6 55. Qd7 Ke5 56. Qh7 Rb4 57. Qh5 Kd6 58. Qe2 Ke7 59.
Qd3 Rb6 60. Qh7+ Kd6 61. h4 gxh4 62. gxh4 Rb4 63. h5 Rg4+ 64. Kf3 f5 65. Qh8
Ke7 66. h6 Nf6 67. h7 Nxh7 68. Qxh7+ Kd6 69. Qf7 Ke5 70. Ke3 Re4+ 71. Kd3 Rd4+
72. Ke3 Rd5 73. Qg7+ Kd6 74. Kf4 Rb5 75. Qf8+ Kd7 76. Kg5 f4+ 77. Kg4 Rf5 78.
Qg7+ Kd6 79. Kf3 Kd5 80. Qd7+ Ke5 81. Qd3 Kf6 82. Ke4 Ke7 83. f3 Kf6 84. Qd8+
Kf7 85. Qh8 Ke7 86. Qh7+ Kf6 87. Qh6+ Kf7 88. Qh7+ Kf6 89. Qd7 Rd5 90. Qe8 Rf5
91. Qf8+ Kg6 92. Qe7 Rf6 93. Ke5 Rf5+ 94. Kxe6 Rg5 95. Qf7+ Kh6 96. Qxf4 1-0

[Event "Ostravský koník 2014 - FIDE Open B"]
[Site "Ostrava, CZE"]
[Date "2014.04.26"]
[Round "1"]
[White "Èech, Jan"]
[Black "Radecki, Petr"]
[Result "1/2-1/2"]
[WhiteElo "1615"]
[BlackElo "2013"]
[PlyCount "47"]

1. e4 c5 2. c3 d5 3. exd5 Qxd5 4. d4 Nf6 5. Be3 cxd4 6. cxd4 e6 7. Nc3 Qa5 8.
a3 Nd5 9. Bd2 Nc6 10. Nf3 Be7 11. Bc4 Qd8 12. Ne4 Nb6 13. Bb5 Qd5 14. Nc3 Qd6
15. Be3 O-O 16. O-O Nd5 17. Nxd5 Qxd5 18. Qd3 Bf6 19. Bc4 Qh5 20. Rfd1 Ne7 21.
Qe4 Nd5 22. Ne5 Nxe3 23. Qxe3 Rd8 24. Rac1 1/2-1/2

[Event "Ostravský koník 2014 - FIDE Open B"]
[Site "Ostrava, CZE"]
[Date "2014.04.26"]
[Round "1"]
[White "Lipovský, Tomáš"]
[Black "Filip, Tomáš"]
[Result "1-0"]
[WhiteElo "2011"]
[BlackElo "1595"]
[PlyCount "49"]

1. e4 c5 2. c3 Nf6 3. e5 Nd5 4. d4 e6 5. a3 Qc7 6. Nf3 d6 7. c4 Nb6 8. dxc5
dxc5 9. Nc3 Bd7 10. Bd3 Bc6 11. Bf4 N8d7 12. O-O a6 13. Qe2 Be7 14. Ne4 O-O 15.
Bg3 Rad8 16. Rad1 Nc8 17. Neg5 h6 18. Ne4 Rfe8 19. Qe3 b5 20. Nf6+ Bxf6 21.
exf6 Qb7 22. fxg7 Kxg7 23. Bf4 Ne7 24. Bxh6+ Kh8 25. Ne5 1-0

[Event "Ostravský koník 2014 - FIDE Open B"]
[Site "Ostrava, CZE"]
[Date "2014.04.26"]
[Round "1"]
[White "Mikulenèáková, Jana"]
[Black "Milat, Patrik"]
[Result "0-1"]
[WhiteElo "1595"]
[BlackElo "2006"]
[PlyCount "44"]

1. e4 c5 2. Bc4 e6 3. Nf3 d5 4. exd5 exd5 5. Bb5+ Bd7 6. Bxd7+ Nxd7 7. O-O Bd6
8. d4 Ne7 9. Be3 c4 10. b3 b5 11. Nc3 a6 12. a3 O-O 13. Qd2 Qc7 14. g3 b4 15.
Nb1 c3 16. Qd3 a5 17. axb4 axb4 18. Rxa8 Rxa8 19. Ng5 Nf6 20. Nh3 Qd7 21. Kg2
Ng6 22. Bf4 Nh4+ 0-1

[Event "Ostravský koník 2014 - FIDE Open B"]
[Site "Ostrava, CZE"]
[Date "2014.04.26"]
[Round "1"]
[White "Borovièka, Bohumil"]
[Black "Beneš, Jaroslav"]
[Result "1-0"]
[WhiteElo "2000"]
[BlackElo "1586"]
[PlyCount "101"]

1. d4 Nf6 2. Bf4 g6 3. e3 Bg7 4. Nf3 d5 5. Be2 O-O 6. O-O c5 7. c3 cxd4 8. exd4
Nc6 9. Nbd2 Qb6 10. Nb3 Bf5 11. Ne5 Rfd8 12. Re1 Nxe5 13. Bxe5 Rac8 14. Bf3 Be4
15. Bxe4 Nxe4 16. Bxg7 Kxg7 17. f3 Nd6 18. Rxe7 Nc4 19. Re2 Re8 20. Qe1 Qc6 21.
Rb1 Rxe2 22. Qxe2 Re8 23. Qf2 Re3 24. Na5 Qe6 25. Nxc4 Re2 26. Qg3 dxc4 27. Kf1
Rc2 28. Re1 Qf5 29. Qe5+ Qxe5 30. Rxe5 Rxb2 31. Re2 Rb6 32. Kf2 Kf6 33. f4 Re6
34. Rb2 b6 35. Rb4 Rc6 36. Kf3 Ke6 37. g4 f5 38. h3 a6 39. a4 Kf6 40. Rb1 Re6
41. d5 Rd6 42. g5+ Kg7 43. Rd1 h6 44. h4 hxg5 45. fxg5 Kf7 46. Kf4 Ke7 47. Ke5
Kd7 48. Kd4 b5 49. axb5 axb5 50. Kc5 Kc7 51. Kxb5 1-0

[Event "Ostravský koník 2014 - FIDE Open B"]
[Site "Ostrava, CZE"]
[Date "2014.04.26"]
[Round "1"]
[White "Šrámek, Vojtìch"]
[Black "Kondula, Lukáš"]
[Result "0-1"]
[WhiteElo "1580"]
[BlackElo "1997"]
[PlyCount "60"]

1. e4 e5 2. Nf3 Nc6 3. Bc4 Nf6 4. Ng5 d5 5. exd5 Na5 6. Bb5+ c6 7. dxc6 bxc6 8.
Be2 h6 9. Nf3 e4 10. Ne5 Bd6 11. d4 exd3 12. Nxd3 Qc7 13. h3 O-O 14. O-O Be6
15. Nc3 Rad8 16. Bd2 Nc4 17. a3 Nxd2 18. Qxd2 a6 19. Qc1 c5 20. b3 c4 21. bxc4
Bxc4 22. Nd1 Rfe8 23. Ne3 Be6 24. Re1 Rc8 25. Qd2 Red8 26. Rec1 Be5 27. Rab1
Bc3 28. Qd1 Ba2 29. Rb3 Bxb3 30. cxb3 Qa7 0-1

[Event "Ostravský koník 2014 - FIDE Open B"]
[Site "Ostrava, CZE"]
[Date "2014.04.26"]
[Round "1"]
[White "Zeman, Arnošt"]
[Black "Glacner, Karel"]
[Result "1-0"]
[WhiteElo "1993"]
[BlackElo "1579"]
[PlyCount "105"]

1. d4 Nf6 2. Nd2 d5 3. Ngf3 g6 4. e3 Bg7 5. Bd3 Bg4 6. h3 Bxf3 7. gxf3 Qd6 8.
f4 Nc6 9. c3 e6 10. b3 O-O-O 11. a4 Bf8 12. Ba3 Qd7 13. Bxf8 Rdxf8 14. a5 a6
15. b4 Na7 16. Qc2 Kd8 17. c4 c6 18. Ke2 Ke7 19. cxd5 Qxd5 20. Qc5+ Qxc5 21.
bxc5 Nd5 22. Ne4 Nb5 23. Rhc1 f5 24. Bxb5 fxe4 25. Ba4 Rc8 26. Bc2 Nf6 27. Rab1
Rc7 28. Rb3 Kd8 29. Rcb1 Kc8 30. f3 exf3+ 31. Kxf3 Rf8 32. Bd3 Re8 33. Bc4 Ree7
34. h4 Kd8 35. e4 Ke8 36. Ke3 Kf8 37. Be2 Rf7 38. Rg1 Rg7 39. Rbb1 Rcf7 40. Rg5
h6 41. Rg2 Kg8 42. Bc4 Re7 43. Rbg1 Kh7 44. Kf3 Re8 45. Bd3 h5 46. f5 exf5 47.
exf5 Ng4 48. fxg6+ Kh6 49. Re2 Rxe2 50. Bxe2 Kxg6 51. Bc4 Re7 52. Kf4 Re3 53.
Rxg4+ 1-0

[Event "Ostravský koník 2014 - FIDE Open B"]
[Site "Ostrava, CZE"]
[Date "2014.04.26"]
[Round "1"]
[White "Lipus, Drahomír"]
[Black "Sládek, Vladislav"]
[Result "0-1"]
[WhiteElo "1568"]
[BlackElo "1987"]
[PlyCount "114"]

1. d4 d5 2. c4 e5 3. dxe5 d4 4. g3 Nc6 5. Nf3 Nge7 6. Bg2 Ng6 7. O-O Ngxe5 8.
Nbd2 Be7 9. b3 O-O 10. Bb2 Re8 11. a3 a5 12. Rc1 Nxf3+ 13. Nxf3 Bf6 14. Nd2 Bg4
15. Ne4 Be5 16. f4 d3 17. fxe5 dxe2 18. Qxd8 exf1=Q+ 19. Rxf1 Raxd8 20. Ng5 Bh5
21. Bd5 Rxd5 22. cxd5 Nxe5 23. Re1 f6 24. Bxe5 Rxe5 25. Rxe5 fxe5 26. Ne6 Bf3
27. Nxc7 Kf7 28. d6 Bc6 29. b4 a4 30. b5 Bd7 31. Kf2 Kf6 32. Kf3 h5 33. Ke4 g5
34. Nd5+ Ke6 35. Nc3 Kxd6 36. b6 Ke6 37. Na2 Bc6+ 38. Ke3 Kd6 39. Nc3 Kc5 40.
Ne4+ Bxe4 41. Kxe4 Kxb6 42. Kxe5 Kc5 43. Kf5 b5 44. Kxg5 b4 45. axb4+ Kxb4 46.
Kxh5 a3 47. g4 a2 48. g5 a1=Q 49. h4 Kc5 50. g6 Kd5 51. g7 Qg1 52. Kh6 Ke6 53.
h5 Qe3+ 54. Kh7 Qe4+ 55. Kh8 Qe5 56. Kh7 Qxh5+ 57. Kg8 Kf6 0-1

[Event "Ostravský koník 2014 - FIDE Open B"]
[Site "Ostrava, CZE"]
[Date "2014.04.26"]
[Round "1"]
[White "Píša, Vladimír"]
[Black "Demko, Robert"]
[Result "1-0"]
[WhiteElo "1981"]
[BlackElo "1562"]
[PlyCount "69"]

1. e4 c5 2. Nf3 d6 3. d4 cxd4 4. Nxd4 Nf6 5. Nc3 a6 6. Bg5 e6 7. f4 Be7 8. Qf3
Nbd7 9. O-O-O Rb8 10. Bc4 Nc5 11. e5 Nfd7 12. Bxe7 Qxe7 13. exd6 Qf6 14. Rhe1
O-O 15. b4 b5 16. Bf1 Na4 17. Ne4 Qh6 18. Nc6 Rb6 19. Ng5 Qf6 20. Ne5 Nxe5 21.
Rxe5 Bd7 22. Ne4 Qd8 23. Nc3 Bc6 24. Qd3 Nxc3 25. Qxc3 Bd5 26. a3 Qxd6 27. Bd3
Rc6 28. Qd4 Rfc8 29. Rd2 Rc3 30. Kb2 R3c7 31. f5 Qc6 32. fxe6 Bxe6 33. Be4 Qc4
34. Qd8+ Rxd8 35. Rxd8# 1-0

[Event "Ostravský koník 2014 - FIDE Open B"]
[Site "Ostrava, CZE"]
[Date "2014.04.26"]
[Round "1"]
[White "Chlebek, Jan"]
[Black "Holeèek, Vladimír"]
[Result "0-1"]
[WhiteElo "1543"]
[BlackElo "1981"]
[PlyCount "112"]

1. e4 e5 2. Nf3 Nc6 3. d4 exd4 4. Bc4 Nf6 5. O-O Nxe4 6. Re1 d5 7. Bxd5 Qxd5 8.
Nc3 Qa5 9. Nxe4 Be6 10. Bd2 Bb4 11. c3 dxc3 12. Nxc3 O-O-O 13. Qc2 Qh5 14. a3
Bd6 15. Ne4 Bf5 16. Qc3 Bxe4 17. Rxe4 f6 18. Bf4 Qf5 19. Qe3 Bxf4 20. Rxf4 Qd3
21. Qe6+ Qd7 22. Qb3 Qd5 23. Qa4 Rhe8 24. h3 a6 25. Rc1 Kb8 26. b4 Re4 27. Rxe4
Qxe4 28. Qb3 Qd5 29. Qc2 Qd3 30. Qb2 Re8 31. Rc3 Qd1+ 32. Kh2 Re2 33. Qc1 Qxc1
34. Rxc1 Rxf2 35. Re1 Ra2 36. Re8+ Ka7 37. Rh8 h6 38. Rh7 Rxa3 39. Rxg7 Nxb4
40. Rh7 a5 41. Rxh6 a4 42. Rh4 Nd3 43. Rd4 c5 44. Re4 f5 45. Re3 f4 46. Re2 Rb3
47. h4 a3 48. Ra2 Nb4 49. Ra1 a2 50. Nd2 Rb2 51. Rd1 Rxd2 52. Rxd2 a1=Q 53. Rf2
Qe5 54. Rf3 Nd3 55. Rxd3 f3+ 56. Kh3 Qf5+ 0-1

[Event "Ostravský koník 2014 - FIDE Open B"]
[Site "Ostrava, CZE"]
[Date "2014.04.26"]
[Round "1"]
[White "Ling, Bronislav"]
[Black "Bok, Zdenìk"]
[Result "1/2-1/2"]
[WhiteElo "1981"]
[BlackElo "1502"]
[PlyCount "46"]

1. e4 d5 2. exd5 Qxd5 3. Nc3 Qa5 4. d4 c6 5. Nf3 Bg4 6. Be2 Nf6 7. O-O e6 8.
Bd2 Nbd7 9. a3 Bd6 10. Ne4 Qc7 11. Nxd6+ Qxd6 12. Bb4 Qc7 13. Re1 a5 14. Bd2
O-O 15. c4 b6 16. h3 Bh5 17. g3 c5 18. Bf4 Qb7 19. g4 Bg6 20. Ng5 Rad8 21. Bf3
Qc8 22. Bd6 Rfe8 23. dxc5 Nxc5 1/2-1/2

[Event "Ostravský koník 2014 - FIDE Open B"]
[Site "Ostrava, CZE"]
[Date "2014.04.26"]
[Round "1"]
[White "Oèko, Dominik"]
[Black "Nováèek, Pavel"]
[Result "1-0"]
[WhiteElo "1480"]
[BlackElo "1979"]
[PlyCount "74"]

1. e4 c5 2. Nf3 e6 3. d4 cxd4 4. Nxd4 Nf6 5. f3 d6 6. Nc3 Be7 7. Be3 Nc6 8. Qd2
O-O 9. O-O-O d5 10. h4 Nxd4 11. Bxd4 dxe4 12. fxe4 Qa5 13. a3 b6 14. Qe1 e5 15.
Be3 Bc5 16. Bc4 Bb7 17. Bd5 Nxd5 18. Nxd5 Qxe1 19. Rhxe1 Bxe3+ 20. Rxe3 Rae8
21. Rc3 f5 22. Rc7 Bxd5 23. Rxd5 Rf7 24. Rxf7 Kxf7 25. exf5 Kf6 26. g4 g6 27.
Rd6+ Kf7 28. f6 g5 29. hxg5 Kg6 30. f7+ Kxf7 31. Rf6+ Kg7 32. Kd2 e4 33. Ke3
Rc8 34. c3 Rc5 35. Rf5 Rc4 36. Re5 Rc7 37. a4 Rf7 1-0